000 00296nam a22001337a 4500
008 170130b xxu||||| |||| 00| 0 eng d
020 _a1879091208
041 _aeng
080 _22ND
_a61
100 _a3
101 _aSHMI
245 _aJOSLIN'S DIABETES DESKBOOK
_cBEASER, R.S
942 _2udc
_cBK
999 _c3997
_d3997